Westeros, Middle-Earth or Narnia? Quiz Stats

 Plays Quiz Updated Nov 23, 2014

Challenge
Share
Tweet
Embed
Score 0/48 Timer 06:00
0 Plays Today
Place Land % Correct
Rivendell???
73.5%
Blackwater Bay???
72.1%
The Eyrie???
71.6%
Fangorn???
70.9%
The Twins???
69.9%
Dornish Marches???
67.8%
Brandywine???
67.7%
Gondolin???
67.4%
Angmar???
67.2%
Bree???
66.5%
Riverrun???
65.2%
Weathertop???
64.1%
Skagos???
62.6%
Oldtown???
61.5%
Bay of Ice ???
58.9%
Yronwood???
58.8%
The Crag???
58.6%
White Harbour???
57%
Bay of Seals???
56.5%
Cair Paravel???
56.3%
Lantern Waste???
55.4%
Pelargir???
54.8%
Calormen???
52.4%
Tashbaan???
52.1%
Place Land % Correct
Archenland???
51.1%
Duskendale???
48.7%
Ettenmoors???
48.4%
Great Eastern Ocean???
46.6%
Iron Hills???
46%
Last Hearth???
45.9%
Fords of Beruna???
45.7%
Shadow Tower???
45.2%
March of Maedhros???
45.2%
Stable Hill???
44.7%
The Lone Isles???
44.2%
Evenfall Hall???
43.8%
Umbar???
43.8%
Longbow Hall???
42.7%
Winding Arrow???
40.3%
Cair Andros???
38.3%
Dragon Island???
37.8%
The Wold???
36.5%
Bay of Balar???
33.3%
River Running???
33.3%
Barrowlands???
30.3%
Ettinsmoor???
30%
Harfang???
28%
Starkhorn???
20.7%

You're not logged in!

Compare scores with friends on all Sporcle quizzes.
Join for Free
OR
Log In

You Might Also Like...

Show Comments

Extras

Top Quizzes Today


Score Distribution

Your Account Isn't Verified!

In order to create a playlist on Sporcle, you need to verify the email address you used during registration. Go to your Sporcle Settings to finish the process.

Report this User

Report this user for behavior that violates our Community Guidelines.

Details: